| 000 | 00338nam a2200121Ia 4500 | ||
|---|---|---|---|
| 008 | 150201s2012 xx 000 0 und d | ||
| 082 |
_a671 _bSHA |
||
| 100 | _aSharma, P. C | ||
| 245 | 2 | _aA textbook of production technology : manufacturing process | |
| 260 |
_bS.Chand & Company Ltd. _aNew Delhi _c2012 |
||
| 300 | _a830p. | ||
| 942 |
_2ddc _cBK |
||
| 999 |
_c5522 _d5522 |
||